00342nam a2200121Ia 4500008004100000020001500041050001500056100001700071245005800088260003700146300002400183650001300207150202s9999 xx 000 0 und d a059035342X aFIC bFIC  aRowling J.K. aHarry Potter and the sorcerers stone /cJ.K. Rowling. aNew York :bLevine Books,c1998. a312 pages :c23 cm. aFiction.